| 000 | 00571nam a2200205 u 4500 | ||
|---|---|---|---|
| 005 | 20230602063559.0 | ||
| 008 | 100518s2003 mx r 000 0 spa d | ||
| 020 | _a9687831952 | ||
| 035 | _aUPN01000175913 | ||
| 049 | _aCG | ||
| 050 | 4 |
_aPQ7298.428 O7.4 _bP7.3 |
|
| 100 | 1 | _aRosell, Hugo | |
| 245 | 1 | 0 |
_aPrefiero el insomnio / _cHugo Rosell. |
| 260 |
_aMéxico : _bLa Rana, _c2003. |
||
| 300 | _a68 p. | ||
| 440 | 0 | _aAutores de Guanajuato | |
| 586 | _a"XI Premio Nacional de Cuento Efrén Hernández 2002" | ||
| 650 | 4 |
_aCuentos mexicanos _96937 |
|
| 905 | _aLibro | ||
| 999 |
_c148016 _d148016 |
||